Library Banner

Your body's energy (Record no. 15317)

MARC details
000 -LEADER
fixed length control field 00410nam a2200169Ia 4500
001 - CONTROL NUMBER
control field 14742
008 - FIXED-LENGTH DATA ELEMENTS--GENERAL INFORMATION
fixed length control field 140403s9999 xx 000 0 und d
020 ## - INTERNATIONAL STANDARD BOOK NUMBER
International Standard Book Number 1-900131-26-9
040 ## - CATALOGING SOURCE
Transcribing agency PK-LaUMT
082 ## - DEWEY DECIMAL CLASSIFICATION NUMBER
Classification number 613.7
Item number YOU-
100 ## - MAIN ENTRY--PERSONAL NAME
Personal name Emma Mitchell
245 ## - TITLE STATEMENT
Title Your body's energy
Statement of responsibility, etc Emma Mitchell
260 ## - PUBLICATION, DISTRIBUTION, ETC. (IMPRINT)
Place of publication, distribution, etc London,UK:
Name of publisher, distributor, etc duncan Baird Publishers,
Date of publication, distribution, etc 1998
300 ## - PHYSICAL DESCRIPTION
Extent 223 p.
546 ## - LANGUAGE NOTE
Language note EN
942 ## - ADDED ENTRY ELEMENTS (KOHA)
Koha item type Books
Holdings
Withdrawn status Lost status Damaged status Not for loan Home library Current library Date acquired Total Checkouts Full call number Barcode Date last seen Price effective from Koha item type
        UMT Main Campus UMT Main Campus 2014-04-03   613.7 YOU- 16643 2014-04-22 2014-04-22 Books